Language Quiz

Random Language or Letter Quiz

4-Letter Missing Letter Match-Up Quiz Stats

 Plays Quiz Updated Nov 25, 2017

Challenge
Share
Tweet
Score 0/16 Timer 08:00
0 Plays Today
% Correct
_RON
92.3%
_EAH
87.9%
_ULF
87.9%
_VAL
87.3%
_UBY
87.2%
_DGY
87.2%
_OAF
86.5%
_NDO
85.2%
% Correct
_IRM
82.8%
_IET
81.4%
_EWT
80.8%
_OET
80.8%
_ELM
80.6%
_ULT
77.2%
_OAP
74.4%
_AIM
71.5%

You're not logged in!

Compare scores with friends on all Sporcle quizzes.
Join for Free
OR
Log In

You Might Also Like...

Show Comments

Extras

Top Quizzes Today


Score Distribution

Your Account Isn't Verified!

In order to create a playlist on Sporcle, you need to verify the email address you used during registration. Go to your Sporcle Settings to finish the process.

Report this User

Report this user for behavior that violates our Community Guidelines.

Details: